| 000 | 01959nam a2200229 a 4500 | ||
|---|---|---|---|
| 001 | 000046015 | ||
| 005 | 20201002052600.0 | ||
| 008 | 150611s2012 dr abc 000 0 spa d | ||
| 020 | _a9789945004861 | ||
| 040 |
_aDO-SdBNP _bspa _cBNPHU |
||
| 082 |
_axxxx _bxxxx |
||
| 100 | 1 |
_aBissainthe, Jean Ghasmann. _92161 |
|
| 245 | 1 | 0 |
_aHaití : _bel drama nacional / _cJean Ghasmann Bissainthe ; prólogo Franklin J. Franco. |
| 260 |
_aSanto Domigo : _bEdiciones Librería La Trinitaria, _c2012. |
||
| 300 |
_a469 p. : _bil., mapas, retrs. ; _c23 cm. |
||
| 500 | _aIncluye datos biográficos del autor en las solapas. | ||
| 500 | _aIncluye índice onomástico | ||
| 504 | _aBibliografía : p. 445-456 | ||
| 505 | 0 |
_aProblemas geopolíticos y demográficos -- _tLos mayores sismos y sus consecuencias para Haití -- _tProcedencia de los esclavos haitianos y del vodú -- _tMisticismo -- _tComplejos de los negros -- _tDimension geopolítica de las sublevaciones esclavas -- _tPerfiles y creencias de los esclavos -- _tLa nación haitiana -- _tConciencia y solidaridad de clase -- _tEstructuras mentales -- _tLos extranjeros vistos por los haitianos -- _tNuevas estructuras haitianas -- _tSexo, poder y crímenes abyectos -- _tOntología haitiana -- _tLuchas raciales y sociales -- _tLa ideologia indigenista -- _tAspectos religiosos y mágicos -- _tEstrategias imperiales de los haitianos -- _tProyectos unitarios y agrarios -- _tMentalidad haitiana -- _tPeríodos históricos y prejuicios raciales -- _tAmbiciones neo-colonialistas de los europeos y norteamericanos -- _tNuevas maniobras del Tío Sam -- _tConsecuencias de la ocupación norteamericana -- _tIdeología de la negritud y el cacoísmo -- _tEl poder de los negros y las estrategias mulatas -- _tEl reino de los Duvalier -- _tEl periodo post-duvalierista -- _tDuvalier versus Aristide -- _tNuevos dramas nacionales -- _tNuevas fiestas electorales. |
|
| 590 | _aInventariado, 2019/VM | ||
| 700 | 1 | 2 |
_aFranco, Franklin J., _epról. _919014 |
| 999 |
_c45504 _d45504 |
||